|
|
|
|
| LEADER |
00000nam a22000007a 4500 |
| 005 |
20170606231857.0 |
| 007 |
cr|||| |||| |
| 008 |
170606s2017 mx |||||s|||| 00||0 spa d |
| 020 |
|
|
|a 978-607-406-905-1
|
| 035 |
|
|
|a 20318
|
| 040 |
|
|
|a vLex
|
| 090 |
|
|
|c 6755
|d 6755
|
| 100 |
1 |
|
|a Romǹ Fuentes, Juan Carlos
|
| 245 |
1 |
0 |
|a Estados financieros bs̀icos 2017
|h [Recurso electrn̤ico] /
|c Juan Carlos Romǹ Fuentes
|
| 256 |
|
|
|a Servicio en ln̕ea
|
| 260 |
|
|
|a Mx̌ico DF:
|b Ediciones Fiscales ISEF,
|c 2017
|
| 300 |
|
|
|a 1 recurso electrn̤ico
|
| 500 |
|
|
|a En el contenido de esta obra; ESTADOS FINANCIEROS BASICOS, se realiza un detallado anl̀isis sobre: Conceptos, objetivos, estructura, proceso de elaboracin̤, formas de presentacin̤ y normatividad aplicable al estado de situacin̤ financiera, estado de resultados integral, al estado de flujos de efectivo, al estado de cambios en el capital contable y a las notas que les son relativas y que forman parte integrante de los mismos, basǹdose en las Normas de Informacin̤ Financiera ms̀ recientes, que ha emitido el Consejo Mexicano de Normas de Informacin̤ Financiera ( CINIF) y en los boletines an︢ vigentes, publicados en su momento por el Instituto Mexicano de Contadores pb︢licos, (IMCP). Adems̀ de casos prc̀ticos para cada ESRADO FINANCIERO BASICO, se incluye prc̀tica que ilustra de manera integral, el proceso a seguir para la obtencin̤ de la informacin̤ Financiera, durante un pero̕do contable.
|
| 506 |
1 |
|
|a Disponible solo en los productos indicados
|d vLex Global
|d vLex Global (Academic Edition, excluding Law Schools)
|d vLex Global (U.S. Academic Edition, Law Schools)
|d vLex Global (U.S. Academic Edition, excluding Law Schools)
|d vLex Global (Academic Edition, Law Schools)
|
| 650 |
0 |
4 |
|a Derecho Fiscal
|z Mx̌ico
|
| 650 |
0 |
4 |
|a Financiero
|z Mx̌ico
|
| 740 |
0 |
|
|a vLex Libros (Servicio en ln̕ea)
|
| 856 |
4 |
0 |
|u http://vlex.com/source/estados-financieros-basicos-2017-20318
|z Acceso restringido
|
| 942 |
|
|
|c BOOK
|
| 999 |
0 |
|
|a Tax Law
|
| 999 |
0 |
|
|a Financial
|